Regulácia na poistnom trhu bakalárska práca

Enregistré dans:
Détails bibliographiques
Auteur principal: Cikatricis, Marek
Collectivité auteur: Národohospodárska fakulta EU. Katedra poisťovníctva
Autres auteurs: Bobovník, Daniel
Format: Livre
Langue:slovaque
Publié: Bratislava 2015
Tags: Ajouter un tag
Pas de tags, Soyez le premier à ajouter un tag!

MARC

LEADER 00000nbm a2200000 4500
001 0205067
005 20161212095008.9
041 0 |a slo 
044 |a SK 
245 1 0 |a Regulácia na poistnom trhu  |b bakalárska práca  |c Marek Cikatricis ; školiteľ: Daniel Bobovník 
264 1 |a Bratislava  |c 2015 
300 |a 46 s. 
100 1 |a Cikatricis, Marek 
700 1 |a Bobovník, Daniel 
710 2 |a Národohospodárska fakulta EU. Katedra poisťovníctva